00736nam a2200277Ia 4500001000700000003000500007008004100012010001100053040000900064082001200073100002800085245006700113260003100180300002000211440000500231500003100236503001100267650002300278901001200301902000600313910000900319942000600328942000700334999001900341952009800360Z_1518CHAP220113s1986 xx 000 0 und d a164606 cCHAP a591 S8y aStorer, Tracy I9109911 aZoología general /cpor Tracy I. Storer... /cy otros /c aBarcelona :bOmega,c1986 a955 p. : bilus a aTrad. De : General zoology a201586 aZoología9124151 a591 S8y aA a1986 c1 cc1 c164606d164606 00102ddc40708GRALaZbZc1d2005-11-09pz_3029r2022-01-18 00:00:00t1w2022-01-18yLIBRO